000 01040cam a2200289 i 4500
001 25454
003 BD-RjUL
005 20211209050900.0
008 140318s1975 yu b 001 0 eng
035 _a(BD-RjUL)25524
040 _aDLC
_cDLC
_dDLC
_dBD-RjUL
_beng
041 1 _aengscr
082 0 0 _a320.949702
_bDOL 1975
100 1 _aDolanc, Stane,
_d1925-
_978269
245 1 4 _aThe League of Communists of Yugoslavia in the system of self-management /
_cStane Dolanc ; translator, Kordija Kveder.
260 _aBeograd :
_bKomunist,
_c1975.
300 _a268 p. ;
_c20 cm.
490 0 _aBook series
500 _aTranslation of Savez komunista Jugoslavije i socijalističko samoupravljanje.
504 _aIncludes bibliographical references and indexes.
650 0 _aSavez komunista Jugoslavije.
_978270
651 0 _aYugoslavia
_xPolitics and government
_y1945-1980.
_978271
942 _2ddc
_cBK
999 _c25454
_d25454